000 00589cam a22002173a 4500
001 35159
003 PGUSA
005 20140828083746.0
008 110204s2011||||xxu|||||s|||||000 | eng d
040 _aPGUSA
_beng
042 _adc
100 1 _aOldmixon, John
245 1 3 _aAn Essay on Criticism
_h[electronic resource] /
_cJohn Oldmixon
260 _bProject Gutenberg,
_c2011
506 _aPublic domain in the USA.
516 _aElectronic text
700 1 _aMadden, R. J.
830 0 _aProject Gutenberg
_v35159
856 4 0 _uhttp://www.gutenberg.org/ebooks/35159
942 _cEB
999 _c264414
_d264414